[Event "Viktor Kupreichik Memorial Rapid Open"]
[Site "Minsk"]
[Date "2018.06.23"]
[Round "9.2"]
[White "Andreikin, Dmitry"]
[Black "Nikitenko, Mihail"]
[Result "1-0"]
[WhiteElo "2733"]
[BlackElo "2401"]
[PlyCount "129"]
[EventDate "2018.06.21"]
[EventType "swiss"]
[EventRounds "11"]
[EventCountry "BLR"]
[WhiteTeam "Ðîññèÿ"]
[BlackTeam "Áåëîðóññèÿ"]
[WhiteTeamCountry "RUS"]
[BlackTeamCountry "BLR"]

1. e4 e5 2. Nf3 Nc6 3. Nc3 Nf6 4. Bb5 Nd4 5. Bd3 Nxf3+ 6. Qxf3 d6 7. Be2 Be6 8.
O-O Be7 9. Qg3 Qd7 10. d3 O-O-O 11. f4 exf4 12. Bxf4 h5 13. a4 Kb8 14. Qe3 a6
15. b4 d5 16. Qb6 dxe4 17. dxe4 Qd4+ 18. Qxd4 Rxd4 19. b5 Bb4 20. Nd1 axb5 21.
c3 Rxe4 22. cxb4 Nd5 23. Bxc7+ Nxc7 24. Nc3 Re3 25. Rf3 Rxf3 26. Bxf3 bxa4 27.
Nxa4 Bd5 28. Nb6 Bxf3 29. Nd7+ Kc8 30. Nb6+ Kd8 31. gxf3 Rh6 32. Rd1+ Ke8 33.
Nc8 Rf6 34. Nd6+ Ke7 35. Nxb7 Rxf3 36. Na5 Rc3 37. Rd4 Rc1+ 38. Kf2 Ne6 39. Rd5
Nf4 40. Rd4 g5 41. b5 Rb1 42. Nc6+ Ke6 43. Ra4 Kd5 44. h4 f6 45. Ne7+ Kd6 46.
Nc8+ Kd7 47. Nb6+ Ke6 48. Ra6 Nd3+ 49. Ke3 Nc5 50. Ra5 Nb7 51. Ra7 Nd6 52. hxg5
fxg5 53. Rh7 Rb3+ 54. Ke2 Ne4 55. Na8 Nf6 56. Nc7+ Kf5 57. Rf7 Kg6 58. Re7 g4
59. Re6 Kf5 60. Rc6 g3 61. Ne6 Ke5 62. Ng5 Nd5 63. Nf3+ Kf4 64. Rc4+ Kf5 65.
Nd4+ 1-0

[Event "Viktor Kupreichik Memorial Rapid Open"]
[Site "Minsk"]
[Date "2018.06.23"]
[Round "9.4"]
[White "Tsigelnitskiy, Ilusha"]
[Black "Meshkovs, Nikita"]
[Result "0-1"]
[WhiteElo "2253"]
[BlackElo "2572"]
[PlyCount "52"]
[EventDate "2018.06.21"]
[EventType "swiss"]
[EventRounds "11"]
[EventCountry "BLR"]
[WhiteTeam "Ðîññèÿ"]
[BlackTeam "Ëàòâèÿ"]
[WhiteTeamCountry "RUS"]
[BlackTeamCountry "LAT"]

1. e4 e5 2. Nf3 Nc6 3. Nc3 Nge7 4. d4 exd4 5. Nxd4 Nxd4 6. Qxd4 Nc6 7. Qd1 Bc5
8. Bc4 O-O 9. O-O Ne5 10. Be2 a6 11. a3 d6 12. b4 Ba7 13. Bb2 Be6 14. Nd5 b5
15. Bd4 c6 16. Bxa7 Rxa7 17. Ne3 Rd7 18. Qd4 Qf6 19. Rad1 Qf4 20. Kh1 c5 21.
Nd5 cxd4 22. Nxf4 Rc8 23. Rxd4 Rxc2 24. Rfd1 Bb3 25. h3 g5 26. Bd3 Rb2 0-1

[Event "Viktor Kupreichik Memorial Rapid Open"]
[Site "Minsk"]
[Date "2018.06.23"]
[Round "9.5"]
[White "Laptii, Nazar"]
[Black "Notkin, Maksim"]
[Result "0-1"]
[WhiteElo "1915"]
[BlackElo "2455"]
[PlyCount "112"]
[EventDate "2018.06.21"]
[EventType "swiss"]
[EventRounds "11"]
[EventCountry "BLR"]
[WhiteTeam "Óêðàèíà"]
[BlackTeam "Ðîññèÿ"]
[WhiteTeamCountry "UKR"]
[BlackTeamCountry "RUS"]

1. Nf3 Nf6 2. g3 d5 3. Bg2 c6 4. O-O Bf5 5. d3 h6 6. Nbd2 e6 7. b3 a5 8. a3 Be7
9. Bb2 O-O 10. c4 Nbd7 11. Ra2 Qb6 12. Qa1 Rfd8 13. Ne5 Nxe5 14. Bxe5 Ne8 15.
cxd5 exd5 16. Rc2 Bf6 17. Bxf6 Nxf6 18. Qc3 Re8 19. Nf3 Qc7 20. b4 axb4 21.
axb4 Qd7 22. Rb1 Rac8 23. Qc5 Bh3 24. Ra1 Bxg2 25. Kxg2 Qd8 26. Ra7 Nd7 27. Qd6
Re6 28. Qf4 Qb6 29. Raa2 Rce8 30. Qd4 Qd8 31. Kf1 Qe7 32. e3 Rf6 33. Kg2 Qe6
34. Ra7 b6 35. Rc7 c5 36. bxc5 Nxc5 37. Rb2 Qf5 38. Ne1 Ne6 39. Qc3 d4 40. Qc4
Nxc7 41. Qxc7 dxe3 42. f3 Qa5 43. Qc1 Qd5 44. Re2 Rfe6 45. Qc3 b5 46. Qb4 Ra8
47. Qc3 Ra2 48. Kf1 Rxe2 49. Kxe2 Qa2+ 50. Qc2 Qa4 51. Qc8+ Kh7 52. Qc7 b4 53.
Qc4 Qa3 54. Nc2 Qc1 55. f4 Qd2+ 56. Kf3 f5 0-1

[Event "Viktor Kupreichik Memorial Rapid Open"]
[Site "Minsk"]
[Date "2018.06.23"]
[Round "9.6"]
[White "Terletsky, Oleg"]
[Black "Fedorov, Alexei"]
[Result "0-1"]
[WhiteElo "2268"]
[BlackElo "2577"]
[PlyCount "56"]
[EventDate "2018.06.21"]
[EventType "swiss"]
[EventRounds "11"]
[EventCountry "BLR"]
[WhiteTeam "Óêðàèíà"]
[BlackTeam "Áåëîðóññèÿ"]
[WhiteTeamCountry "UKR"]
[BlackTeamCountry "BLR"]

1. e4 c5 2. Nf3 e6 3. d4 cxd4 4. Nxd4 a6 5. Nc3 b5 6. Bd3 Qb6 7. Nf3 Qc7 8. O-O
Bb7 9. Re1 Be7 10. e5 f5 11. Nh4 g6 12. Nf3 Nc6 13. a4 b4 14. Nb1 Nd8 15. Nbd2
Nf7 16. Nc4 Bc5 17. Ng5 Ngh6 18. Nxf7 Nxf7 19. Bf1 O-O 20. b3 Rad8 21. Be3 Bd5
22. f4 g5 23. Kh1 Bxc4 24. Bxc4 Bxe3 25. Rxe3 gxf4 26. Re1 Nxe5 27. Bxa6 Ng4
28. Qd4 f3 0-1

[Event "Viktor Kupreichik Memorial Rapid Open"]
[Site "Minsk"]
[Date "2018.06.23"]
[Round "9.9"]
[White "Zarubitski, Viachaslau"]
[Black "Badelka, Olga"]
[Result "1-0"]
[WhiteElo "2265"]
[BlackElo "2153"]
[PlyCount "109"]
[EventDate "2018.06.21"]
[EventType "swiss"]
[EventRounds "11"]
[EventCountry "BLR"]
[WhiteTeam "Áåëîðóññèÿ"]
[BlackTeam "Áåëîðóññèÿ"]
[WhiteTeamCountry "BLR"]
[BlackTeamCountry "BLR"]

1. e4 c5 2. Nf3 Nc6 3. Bb5 e6 4. O-O Nge7 5. d4 cxd4 6. Nxd4 Ng6 7. Be3 Be7 8.
c4 O-O 9. Nc3 a6 10. Bxc6 bxc6 11. c5 a5 12. Qc2 Ne5 13. Rfd1 Qc7 14. Nce2 Ng4
15. Bf4 e5 16. Nf5 exf4 17. Nxe7+ Kh8 18. Rd6 Qd8 19. Nf5 g6 20. Qc3+ f6 21.
Nfd4 Ne5 22. Nxf4 Qe7 23. Nf3 Ba6 24. Rad1 a4 25. Nxe5 Qxe5 26. Qxe5 fxe5 27.
Nd3 Bxd3 28. R6xd3 Rab8 29. R1d2 Rb4 30. f3 Rfb8 31. Rxd7 Rxb2 32. Kf2 a3 33.
Ke2 R8b5 34. R7d3 Rxd2+ 35. Rxd2 Rxc5 36. Kd3 Rb5 37. Rc2 c5 38. g4 Kg7 39. h4
Kf6 40. Rc3 Ra5 41. Kc4 Ke6 42. Rb3 Kf7 43. Kd5 h6 44. g5 hxg5 45. hxg5 Kg8 46.
Rb8+ Kg7 47. Rb7+ Kg8 48. Rc7 Rb5 49. Ra7 Rb2 50. Rxa3 Rc2 51. Kxe5 c4 52. Kf6
c3 53. Kxg6 Kf8 54. Kf6 Ke8 55. g6 1-0

[Event "Viktor Kupreichik Memorial Rapid Open"]
[Site "Minsk"]
[Date "2018.06.23"]
[Round "9.10"]
[White "Tyurin, Artem"]
[Black "Shevchenko, Kirill"]
[Result "0-1"]
[WhiteElo "1855"]
[BlackElo "2432"]
[PlyCount "74"]
[EventDate "2018.06.21"]
[EventType "swiss"]
[EventRounds "11"]
[EventCountry "BLR"]
[WhiteTeam "Ðîññèÿ"]
[BlackTeam "Óêðàèíà"]
[WhiteTeamCountry "RUS"]
[BlackTeamCountry "UKR"]

1. e4 c5 2. Nc3 d6 3. Nf3 a6 4. d4 cxd4 5. Nxd4 Nf6 6. Bc4 b5 7. Bb3 e6 8. O-O
Be7 9. Qf3 Qb6 10. Be3 Qb7 11. Qg3 O-O 12. Bh6 Ne8 13. Rad1 Bd7 14. Rfe1 Nc6
15. Nf3 Bf6 16. Bg5 Bxc3 17. bxc3 Kh8 18. Bf4 e5 19. Bg5 Be6 20. Bxe6 fxe6 21.
Nh4 Kg8 22. Re3 Ra7 23. Qg4 Qd7 24. Rh3 Na5 25. Nf3 Qf7 26. Be3 Nf6 27. Qh4 Re7
28. Rxd6 Nc4 29. Ng5 Qg6 30. Rxe6 Rd7 31. g3 h6 32. Nf3 Qf7 33. Ng5 Qg6 34. Nf3
Qxe4 35. Rxf6 Rd1+ 36. Kg2 Nxe3+ 37. fxe3 Qxc2+ 0-1

[Event "Viktor Kupreichik Memorial Rapid Open"]
[Site "Minsk"]
[Date "2018.06.23"]
[Round "9.12"]
[White "Kuznetsov, Mikhail V"]
[Black "Barskij, Vladimir"]
[Result "1/2-1/2"]
[WhiteElo "2162"]
[BlackElo "2352"]
[PlyCount "49"]
[EventDate "2018.06.21"]
[EventType "swiss"]
[EventRounds "11"]
[EventCountry "BLR"]
[WhiteTeam "Ðîññèÿ"]
[BlackTeam "Ðîññèÿ"]
[WhiteTeamCountry "RUS"]
[BlackTeamCountry "RUS"]

1. d4 d5 2. c4 Nc6 3. cxd5 Qxd5 4. Nf3 e5 5. Nc3 Bb4 6. Bd2 Bxc3 7. Bxc3 e4 8.
Nd2 e3 9. fxe3 Nf6 10. e4 Nxe4 11. e3 Nxd2 12. Qxd2 Bf5 13. Bd3 Bxd3 14. Qxd3
O-O 15. O-O f5 16. Rf4 Rae8 17. Raf1 g6 18. h3 Ne7 19. Bb4 Qe6 20. e4 fxe4 21.
Qxe4 Qxe4 22. Rxe4 Nf5 23. Ref4 Nd6 24. Bxd6 cxd6 25. Rxf8+ 1/2-1/2

[Event "Viktor Kupreichik Memorial Rapid Open"]
[Site "Minsk"]
[Date "2018.06.23"]
[Round "9.15"]
[White "Nigmatov, Ortik"]
[Black "Svjatocho, Andrej"]
[Result "1-0"]
[WhiteElo "2210"]
[BlackElo "1979"]
[PlyCount "85"]
[EventDate "2018.06.21"]
[EventType "swiss"]
[EventRounds "11"]
[EventCountry "BLR"]
[WhiteTeam "Óçáåêèñòàí"]
[BlackTeam "Áåëîðóññèÿ"]
[WhiteTeamCountry "UZB"]
[BlackTeamCountry "BLR"]

1. e4 Nf6 2. e5 Nd5 3. c4 Nb6 4. d4 d6 5. exd6 exd6 6. Nc3 Be7 7. Bd3 Nc6 8.
Nge2 Bg4 9. Be3 Bf6 10. Qd2 Qd7 11. b3 O-O 12. O-O d5 13. c5 Nc8 14. h3 Bxe2
15. Bxe2 N8e7 16. Bg4 Nf5 17. Qd3 Nce7 18. Ne2 Bh4 19. Bf4 g6 20. g3 Bf6 21. h4
h5 22. Bh3 Qc6 23. b4 a6 24. a4 b5 25. axb5 axb5 26. Rfc1 Rfc8 27. Be3 Rxa1 28.
Rxa1 Ra8 29. Rxa8+ Qxa8 30. Qxb5 Qa1+ 31. Kg2 c6 32. Qd3 Qb2 33. Bd2 Bxd4 34.
Nxd4 Qxd4 35. Qxd4 Nxd4 36. Bd7 Nb3 37. Bg5 Nf5 38. Bxc6 d4 39. Bd5 Na1 40. b5
Nc2 41. b6 Nb4 42. b7 Na6 43. Bc4 1-0

[Event "Viktor Kupreichik Memorial Rapid Open"]
[Site "Minsk"]
[Date "2018.06.23"]
[Round "9.16"]
[White "Naumovich, Yaroslav"]
[Black "Kalugin, Sergey G"]
[Result "1/2-1/2"]
[WhiteElo "1959"]
[BlackElo "2334"]
[PlyCount "56"]
[EventDate "2018.06.21"]
[EventType "swiss"]
[EventRounds "11"]
[EventCountry "BLR"]
[WhiteTeam "Áåëîðóññèÿ"]
[BlackTeam "Ðîññèÿ"]
[WhiteTeamCountry "BLR"]
[BlackTeamCountry "RUS"]

1. Nf3 Nf6 2. d4 g6 3. g3 Bg7 4. Bg2 O-O 5. O-O d6 6. c4 c6 7. Nc3 a6 8. a4 a5
9. e4 Na6 10. b3 Bg4 11. Bb2 Nd7 12. Re1 e5 13. Ne2 Re8 14. h3 Bxf3 15. Bxf3
Nb4 16. Rb1 h5 17. h4 exd4 18. Bxd4 Ne5 19. Bg2 Ned3 20. Rf1 Bxd4 21. Nxd4 Qf6
22. Nc2 Qc3 23. Nxb4 axb4 24. Qf3 Re6 25. Rfd1 Nc5 26. Qxc3 bxc3 27. Rdc1 Nxe4
28. Bxe4 Rxe4 1/2-1/2

[Event "Viktor Kupreichik Memorial Rapid Open"]
[Site "Minsk"]
[Date "2018.06.23"]
[Round "9.17"]
[White "Tsaruk, Maksim"]
[Black "Tihonov, Jurij"]
[Result "1-0"]
[WhiteElo "1980"]
[BlackElo "2277"]
[PlyCount "59"]
[EventDate "2018.06.21"]
[EventType "swiss"]
[EventRounds "11"]
[EventCountry "BLR"]
[WhiteTeam "Áåëîðóññèÿ"]
[BlackTeam "Áåëîðóññèÿ"]
[WhiteTeamCountry "BLR"]
[BlackTeamCountry "BLR"]

1. e4 c5 2. Nf3 d6 3. d4 cxd4 4. Nxd4 Nf6 5. f3 e5 6. Nb3 Be7 7. c4 a5 8. Be3
Nc6 9. Be2 O-O 10. O-O Be6 11. Nc3 Nd7 12. Nd5 a4 13. Nd2 Bg5 14. Bf2 Bxd5 15.
exd5 Nb4 16. Ne4 Be7 17. a3 Na6 18. Qxa4 f5 19. Nc3 Bh4 20. g3 Bf6 21. Qc2 Rc8
22. Qxf5 e4 23. Nxe4 Be5 24. Qe6+ Kh8 25. Nxd6 Nc7 26. Nf7+ Rxf7 27. Qxf7 Ne8
28. f4 Bf6 29. Bg4 Rc7 30. Bb6 1-0

[Event "Viktor Kupreichik Memorial Rapid Open"]
[Site "Minsk"]
[Date "2018.06.23"]
[Round "9.21"]
[White "Vashchilov, Sergey"]
[Black "Papunidi, Matvey"]
[Result "1-0"]
[WhiteElo "2087"]
[BlackElo "1751"]
[PlyCount "87"]
[EventDate "2018.06.21"]
[EventType "swiss"]
[EventRounds "11"]
[EventCountry "BLR"]
[WhiteTeam "Áåëîðóññèÿ"]
[BlackTeam "Áåëîðóññèÿ"]
[WhiteTeamCountry "BLR"]
[BlackTeamCountry "BLR"]

1. e4 c5 2. Nf3 Nc6 3. d4 cxd4 4. Nxd4 g6 5. Be3 Bg7 6. Nc3 Nf6 7. Nxc6 bxc6 8.
e5 Ng8 9. Bd4 Nh6 10. e6 O-O 11. Bxg7 Kxg7 12. Qd4+ f6 13. exd7 Qxd7 14. Qxd7
Bxd7 15. O-O-O Rfd8 16. Ba6 Rab8 17. Rhe1 Kf8 18. Na4 Nf5 19. Nc5 Nd6 20. f3
Kf7 21. Re3 Bc8 22. Ra3 Bxa6 23. Rxa6 Nc4 24. Re1 Rd5 25. Nd3 Rb7 26. Rxc6 Nd6
27. Nc5 Rb5 28. Nb3 Rb7 29. c4 Rh5 30. h3 Rh4 31. Na5 Rd7 32. b3 Rh5 33. Ra6
Rc7 34. Nc6 Nc8 35. Nd8+ Ke8 36. Ne6 Rd7 37. Ng7+ Kf7 38. Nxh5 gxh5 39. c5 Rd5
40. b4 e5 41. Rd1 Rd4 42. Rxd4 exd4 43. Kd2 Ke7 44. Kd3 1-0

[Event "Viktor Kupreichik Memorial Rapid Open"]
[Site "Minsk"]
[Date "2018.06.23"]
[Round "9.22"]
[White "Runets, Ivan"]
[Black "Zagorskii, Artem"]
[Result "1-0"]
[WhiteElo "2027"]
[BlackElo "1705"]
[PlyCount "65"]
[EventDate "2018.06.21"]
[EventType "swiss"]
[EventRounds "11"]
[EventCountry "BLR"]
[WhiteTeam "Áåëîðóññèÿ"]
[BlackTeam "Ðîññèÿ"]
[WhiteTeamCountry "BLR"]
[BlackTeamCountry "RUS"]

1. d4 Nf6 2. Nf3 g6 3. g3 Bg7 4. Bg2 c6 5. O-O d5 6. Nbd2 O-O 7. Ne5 Nfd7 8.
Nxd7 Nxd7 9. Nf3 Nf6 10. Bf4 a5 11. c3 a4 12. Nd2 Bf5 13. Be5 Nd7 14. Bxg7 Kxg7
15. e4 dxe4 16. Nxe4 Qb6 17. Qe2 Rfd8 18. Ng5 h6 19. Nf3 Re8 20. h3 h5 21. Rfe1
Ra5 22. Nh4 Be6 23. Qc2 Rg5 24. Kh2 Bd5 25. f4 Bxg2 26. fxg5 Bd5 27. c4 Be6 28.
Rxe6 fxe6 29. Qxg6+ Kf8 30. Rf1+ Nf6 31. gxf6 Qxb2+ 32. Kh1 exf6 33. Qxf6+ 1-0

[Event "Viktor Kupreichik Memorial Rapid Open"]
[Site "Minsk"]
[Date "2018.06.23"]
[Round "9.24"]
[White "Yurau, Maksim"]
[Black "Maslak, Alexander"]
[Result "0-1"]
[WhiteElo "1694"]
[BlackElo "2127"]
[PlyCount "78"]
[EventDate "2018.06.21"]
[EventType "swiss"]
[EventRounds "11"]
[EventCountry "BLR"]
[WhiteTeam "Áåëîðóññèÿ"]
[BlackTeam "Ðîññèÿ"]
[WhiteTeamCountry "BLR"]
[BlackTeamCountry "RUS"]

1. e4 c5 2. Nf3 Nc6 3. d4 cxd4 4. Nxd4 Nf6 5. Nc3 d6 6. Bg5 e6 7. Bb5 Bd7 8.
Bxc6 bxc6 9. Qf3 c5 10. Nb3 Be7 11. O-O-O Rb8 12. Bxf6 gxf6 13. Qg3 Qb6 14. Qg7
Rf8 15. Rhe1 c4 16. Nd5 Qxf2 17. Nxe7 Kxe7 18. Rf1 Qe3+ 19. Nd2 c3 20. Qxf6+
Ke8 21. Qxc3 Qxc3 22. bxc3 Ke7 23. Nc4 Bb5 24. Rd4 Rbc8 25. Nxd6 Bxf1 26. Nxc8+
Rxc8 27. Ra4 a6 28. Kd2 Bxg2 29. Rxa6 Bxe4 30. Ra7+ Kf6 31. Ra4 Ke5 32. Ra7 f6
33. Ra5+ Kf4 34. Ra6 Kf5 35. Ra7 h5 36. Rh7 Kg5 37. Rg7+ Kf4 38. Rg1 Rd8+ 39.
Kc1 e5 0-1

[Event "Viktor Kupreichik Memorial Rapid Open"]
[Site "Minsk"]
[Date "2018.06.23"]
[Round "9.26"]
[White "Zeliantsova, Kseniya"]
[Black "Sarbay, Aleksandr"]
[Result "0-1"]
[WhiteElo "1844"]
[BlackElo "2045"]
[PlyCount "86"]
[EventDate "2018.06.21"]
[EventType "swiss"]
[EventRounds "11"]
[EventCountry "BLR"]
[WhiteTeam "Áåëîðóññèÿ"]
[BlackTeam "Áåëîðóññèÿ"]
[WhiteTeamCountry "BLR"]
[BlackTeamCountry "BLR"]

1. e4 c5 2. Nf3 Nc6 3. Bb5 g6 4. O-O Bg7 5. c3 Nf6 6. Re1 O-O 7. d4 cxd4 8.
cxd4 d5 9. e5 Ne4 10. Nc3 Nxc3 11. bxc3 Qa5 12. Qb3 a6 13. Bxc6 bxc6 14. Ba3
Re8 15. h3 Bf5 16. Bb4 Qc7 17. c4 Rab8 18. Qc3 dxc4 19. Qxc4 Be6 20. Qc3 Bd5
21. a3 Rb5 22. a4 Rb7 23. Nd2 Reb8 24. Rab1 Bh6 25. Ba5 Qd7 26. Rxb7 Qxb7 27.
Rb1 Qxb1+ 28. Nxb1 Rxb1+ 29. Qe1 Rxe1+ 30. Bxe1 f6 31. exf6 exf6 32. g3 Kf7 33.
f4 Ke6 34. Kf2 Bb3 35. a5 Kd5 36. Ke3 f5 37. Bb4 Bg7 38. Bc5 Bf6 39. Bb6 Be7
40. g4 c5 41. Kd3 Bc4+ 42. Kc3 cxd4+ 43. Bxd4 Bb4+ 0-1

[Event "Viktor Kupreichik Memorial Rapid Open"]
[Site "Minsk"]
[Date "2018.06.23"]
[Round "9.32"]
[White "Kozlov, Valentin"]
[Black "Zhukovskij, Viktor"]
[Result "1/2-1/2"]
[WhiteElo "1553"]
[BlackElo "1973"]
[PlyCount "117"]
[EventDate "2018.06.21"]
[EventType "swiss"]
[EventRounds "11"]
[EventCountry "BLR"]
[WhiteTeam "Áåëîðóññèÿ"]
[BlackTeam "Áåëîðóññèÿ"]
[WhiteTeamCountry "BLR"]
[BlackTeamCountry "BLR"]

1. e4 c5 2. Nf3 Nc6 3. d4 cxd4 4. Nxd4 Nf6 5. Nc3 e6 6. Nxc6 bxc6 7. Be2 d5 8.
exd5 cxd5 9. O-O Bd6 10. b3 O-O 11. Bb2 Bb7 12. Bf3 Qa5 13. Ne2 e5 14. Ng3 Rfe8
15. Nf5 Bf8 16. c4 Rad8 17. Qe1 Bb4 18. Qc1 Bc8 19. Nxg7 Bd2 20. Nxe8 Bxc1 21.
Nxf6+ Kg7 22. Nh5+ Kg6 23. Raxc1 e4 24. Be2 d4 25. Nf4+ Kf5 26. Nd5 Qxa2 27.
Rb1 d3 28. Bh5 Ke6 29. Bg4+ f5 30. Bh3 Bb7 31. Ne3 Rf8 32. Bg7 Rf7 33. Ra1 Qe2
34. Rfe1 Qh5 35. Nxf5 Rxf5 36. Bxf5+ Qxf5 37. Bd4 Kd7 38. Be3 a6 39. b4 h5 40.
h3 Qf7 41. Rac1 Qf6 42. b5 axb5 43. cxb5 Qb2 44. Rb1 Qc2 45. b6 Qa4 46. Rbc1
Bc6 47. Rb1 Kc8 48. Rec1 Kb7 49. Kh2 Qa3 50. Rxc6 Kxc6 51. b7 Qd6+ 52. g3 d2
53. Bxd2 Qxd2 54. b8=Q Qxf2+ 55. Kh1 Qf3+ 56. Kg1 Qe3+ 57. Kf1 Qf3+ 58. Ke1
Qe3+ 59. Kd1 1/2-1/2

[Event "Viktor Kupreichik Memorial Rapid Open"]
[Site "Minsk"]
[Date "2018.06.23"]
[Round "9.38"]
[White "Hurman, Pavel"]
[Black "Girshgorn, Maria"]
[Result "0-1"]
[WhiteElo "1315"]
[BlackElo "1805"]
[PlyCount "122"]
[EventDate "2018.06.21"]
[EventType "swiss"]
[EventRounds "11"]
[EventCountry "BLR"]
[WhiteTeam "Áåëîðóññèÿ"]
[BlackTeam "Ðîññèÿ"]
[WhiteTeamCountry "BLR"]
[BlackTeamCountry "RUS"]

1. e4 c6 2. d4 d5 3. exd5 cxd5 4. Bd3 Nc6 5. c3 Qc7 6. Nf3 Bg4 7. O-O Nf6 8.
Re1 e6 9. Bg5 Be7 10. Nbd2 O-O 11. Qc2 h6 12. Bh4 Rac8 13. Qb3 Bxf3 14. Nxf3
Nh5 15. Bxe7 Qxe7 16. Ne5 Nf4 17. Bf1 Rc7 18. Qd1 Qg5 19. Qf3 Ng6 20. Nxg6 Qxg6
21. Bd3 Qg5 22. Qe3 Qxe3 23. fxe3 f5 24. c4 Nb4 25. Bb1 Rxc4 26. a3 Nc2 27.
Bxc2 Rxc2 28. b4 Rfc8 29. Kf1 R8c3 30. Re2 Rxe2 31. Kxe2 Rc2+ 32. Kf3 Kf7 33.
h3 g6 34. h4 Rc3 35. Kf4 Kf6 36. Ra2 g5+ 37. hxg5+ hxg5+ 38. Kf3 f4 39. Re2
Rxa3 40. Kf2 fxe3+ 41. Rxe3 Rxe3 42. Kxe3 e5 43. g4 a6 44. dxe5+ Kxe5 45. Kf3
d4 46. Ke2 Ke4 47. Kd2 d3 48. b5 axb5 49. Kd1 Ke3 50. Ke1 d2+ 51. Kd1 b6 52.
Kc2 Ke2 53. Kc3 d1=Q 54. Kb4 Qa4+ 55. Kc3 Qc4+ 56. Kb2 b4 57. Kb1 Kd1 58. Kb2
Qc2+ 59. Ka1 Qd2 60. Kb1 b3 61. Ka1 Qa2# 0-1

[Event "Viktor Kupreichik Memorial Rapid Open"]
[Site "Minsk"]
[Date "2018.06.23"]
[Round "9.39"]
[White "Stroganova, Karina"]
[Black "Stsepkina, Yauheniya"]
[Result "0-1"]
[WhiteElo "1776"]
[BlackElo "1591"]
[PlyCount "96"]
[EventDate "2018.06.21"]
[EventType "swiss"]
[EventRounds "11"]
[EventCountry "BLR"]
[WhiteTeam "Ðîññèÿ"]
[BlackTeam "Áåëîðóññèÿ"]
[WhiteTeamCountry "RUS"]
[BlackTeamCountry "BLR"]

1. d4 Nf6 2. Nf3 g6 3. Bf4 Bg7 4. e3 O-O 5. Be2 d5 6. O-O Nbd7 7. h3 c5 8. c3
b6 9. Nbd2 Bb7 10. Ne5 Nxe5 11. dxe5 Nd7 12. Nf3 e6 13. Bg5 Qc7 14. Be7 Rfe8
15. Bd6 Qc6 16. a4 a6 17. b4 c4 18. Nd4 Qc8 19. f4 Nb8 20. b5 a5 21. Qc2 Nd7
22. Rab1 Nc5 23. Rb2 Ne4 24. Ba3 Ng3 25. Rfb1 Nxe2+ 26. Qxe2 f6 27. Nc6 Kh8 28.
h4 fxe5 29. Nxe5 Qc7 30. Bd6 Qc8 31. h5 Bxe5 32. Bxe5+ Kg8 33. hxg6 Qd7 34.
gxh7+ Qxh7 35. Qg4+ Kf7 36. Rf1 Rg8 37. Qf3 Qf5 38. Kf2 Ra7 39. Rh1 d4 40. e4
Bxe4 41. Qh3 Qxh3 42. Rxh3 Rxg2+ 43. Kf1 Rxb2 44. Rh8 d3 45. Rd8 Bf3 46. f5 d2
47. fxe6+ Kxe6 48. Re8+ Re7 0-1

[Event "Viktor Kupreichik Memorial Rapid Open"]
[Site "Minsk"]
[Date "2018.06.23"]
[Round "10.1"]
[White "Meshkovs, Nikita"]
[Black "Andreikin, Dmitry"]
[Result "0-1"]
[WhiteElo "2572"]
[BlackElo "2733"]
[PlyCount "88"]
[EventDate "2018.06.21"]
[EventType "swiss"]
[EventRounds "11"]
[EventCountry "BLR"]
[WhiteTeam "Ëàòâèÿ"]
[BlackTeam "Ðîññèÿ"]
[WhiteTeamCountry "LAT"]
[BlackTeamCountry "RUS"]

1. d4 d5 2. c4 c6 3. Nf3 Nf6 4. Nc3 a6 5. c5 g6 6. Bf4 Bg7 7. h3 O-O 8. e3 Bf5
9. Qb3 Qc8 10. Be2 Nbd7 11. O-O Ne4 12. Nxe4 Bxe4 13. Bh2 Bxf3 14. Bxf3 e5 15.
Rad1 Re8 16. Qc3 h5 17. Rfe1 Re6 18. Qa5 Qe8 19. Kf1 Nf8 20. Qc7 Re7 21. Qb6
Qc8 22. Qb4 e4 23. Be2 f5 24. Bd6 Rf7 25. h4 Ne6 26. g3 Bf8 27. Be5 Bg7 28. Bd6
Bf8 29. Be5 Be7 30. a4 Bd8 31. a5 Bc7 32. Bxc7 Qxc7 33. Qb6 Qe7 34. Kg2 Raf8
35. Qb3 g5 36. Rh1 f4 37. Bxh5 fxg3 38. Bxf7+ Qxf7 39. f4 exf3+ 40. Kxg3 f2 41.
Qd3 Qf3+ 42. Kh2 g4 43. e4 g3+ 44. Kh3 Nf4# 0-1

[Event "Viktor Kupreichik Memorial Rapid Open"]
[Site "Minsk"]
[Date "2018.06.23"]
[Round "10.2"]
[White "Notkin, Maksim"]
[Black "Mamedov, Rauf"]
[Result "0-1"]
[WhiteElo "2455"]
[BlackElo "2711"]
[PlyCount "68"]
[EventDate "2018.06.21"]
[EventType "swiss"]
[EventRounds "11"]
[EventCountry "BLR"]
[WhiteTeam "Ðîññèÿ"]
[BlackTeam "Àçåéðáàäæàí"]
[WhiteTeamCountry "RUS"]
[BlackTeamCountry "AZE"]

1. d4 d6 2. Nf3 Nf6 3. c4 g6 4. Nc3 Bf5 5. Nh4 Bd7 6. g3 Bg7 7. Bg2 Nc6 8. O-O
O-O 9. h3 e5 10. d5 Ne7 11. e4 Ne8 12. Be3 h6 13. Qc2 Qc8 14. f4 Bxh3 15. f5
Bg4 16. Nd1 Nf6 17. Qd2 g5 18. Nf2 gxh4 19. Bxh6 Bxf5 20. Bxg7 Kxg7 21. exf5
Qxf5 22. Nh3 Qg4 23. Rxf6 Kxf6 24. Qh6+ Ng6 25. Nf2 Qd4 26. Rd1 Rh8 27. Qc1
hxg3 28. Rxd4 gxf2+ 29. Kxf2 exd4 30. Qd2 Rh4 31. Kg3 Rg8 32. Qa5 Rf4 33. Qxc7
Ne5+ 34. Kh2 Nf3+ 0-1

[Event "Viktor Kupreichik Memorial Rapid Open"]
[Site "Minsk"]
[Date "2018.06.23"]
[Round "10.4"]
[White "Aleksandrov, Aleksej"]
[Black "Korobov, Anton"]
[Result "0-1"]
[WhiteElo "2597"]
[BlackElo "2736"]
[PlyCount "58"]
[EventDate "2018.06.21"]
[EventType "swiss"]
[EventRounds "11"]
[EventCountry "BLR"]
[WhiteTeam "Áåëîðóññèÿ"]
[BlackTeam "Óêðàèíà"]
[WhiteTeamCountry "BLR"]
[BlackTeamCountry "UKR"]

1. c4 e5 2. Nc3 Nf6 3. g3 d5 4. cxd5 Nxd5 5. Bg2 Nb6 6. a3 Nc6 7. b4 Be6 8. b5
Nd4 9. Rb1 Nd5 10. e3 Nxc3 11. dxc3 Nb3 12. Bb2 Na5 13. Qa4 Nc4 14. Bxb7 Qd2+
15. Kf1 Qd3+ 16. Kg2 Qxb1 17. Bxa8 Nxe3+ 18. fxe3 Qxb2+ 19. Kf3 Bc5 20. Bc6+
Ke7 21. Ne2 h5 22. h3 Rh6 23. Qd1 Rf6+ 24. Kg2 Bxe3 25. Rf1 Rxf1 26. Qxf1 Bc4
27. Kf3 Qd2 28. g4 hxg4+ 29. hxg4 Bc5 0-1

[Event "Viktor Kupreichik Memorial Rapid Open"]
[Site "Minsk"]
[Date "2018.06.23"]
[Round "10.5"]
[White "Fedorov, Alexei"]
[Black "Nikitenko, Mihail"]
[Result "1/2-1/2"]
[WhiteElo "2577"]
[BlackElo "2401"]
[PlyCount "102"]
[EventDate "2018.06.21"]
[EventType "swiss"]
[EventRounds "11"]
[EventCountry "BLR"]
[WhiteTeam "Áåëîðóññèÿ"]
[BlackTeam "Áåëîðóññèÿ"]
[WhiteTeamCountry "BLR"]
[BlackTeamCountry "BLR"]

1. e4 e5 2. Nf3 Nc6 3. Bb5 a6 4. Ba4 Nf6 5. O-O Be7 6. Re1 b5 7. Bb3 d6 8. c3
O-O 9. h3 Bb7 10. d4 Nd7 11. Nbd2 exd4 12. cxd4 Bf6 13. Nf1 Na5 14. Bc2 Re8 15.
Rb1 c5 16. d5 Nc4 17. N3h2 Qa5 18. a3 Bc8 19. Ng3 g6 20. Ng4 Bg7 21. Nh6+ Kf8
22. Ngf5 gxf5 23. Nxf5 Nf6 24. Nxg7 Kxg7 25. b3 Nxa3 26. Ra1 Qxe1+ 27. Qxe1
Nxc2 28. Qd2 Nxe4 29. Qxc2 Bf5 30. f3 Ng3 31. Bb2+ Kg8 32. Qd2 Bg6 33. Kh2 Nf5
34. Bf6 Re3 35. Re1 Rae8 36. Rxe3 Nxe3 37. Kg1 c4 38. bxc4 bxc4 39. Qd4 h6 40.
g4 Kh7 41. f4 Re4 42. Qb6 Nxd5 43. Qxd6 Nxf6 44. Qxf6 Re6 45. Qd8 c3 46. f5
Bxf5 47. gxf5 Re1+ 48. Kf2 c2 49. Qc7 c1=Q 50. Qxf7+ Kh8 51. Qf8+ Kh7 1/2-1/2